[Event "Cannes Martinez op"]
[Site "Cannes"]
[Date "1995.??.??"]
[Round "1"]
[White "Levacic, Patrick"]
[Black "Megy, Daniel"]
[Result "1-0"]
[WhiteElo "2345"]
[BlackElo "2135"]
[PlyCount "121"]
[EventDate "1995.07.??"]
[EventType "swiss"]
[EventRounds "9"]
[EventCountry "FRA"]
[SourceTitle "EXT 1998"]
[Source "ChessBase"]
[SourceDate "1997.11.17"]
[SourceVersion "1"]
[SourceVersionDate "1997.11.17"]
[SourceQuality "1"]

1. e4 e6 2. d4 c5 3. d5 exd5 4. exd5 d6 5. Bb5+ Nd7 6. a4 a6 7. Bxd7+ Bxd7 8. a5 Nf6 9. h3 Be7 10. Nf3 0-0 11. 0-0 Re8 12. Nc3 b5 13. axb6 Qxb6 14. b3 Bf8 15. Bb2 Qb7 16. Qd3 g6 17. Nd2 Bf5 18. Qf3 Qe7 19. Qd1 Bg7 20. Ra4 Bd7 21. Ra5 Bb5 22. Nxb5 axb5 23. Bxf6 Bxf6 24. Rxb5 Ra1 25. Qf3 Qe2 26. Rb8 Kg7 27. Rxe8 Rxf1+ 28. Nxf1 Qxe8 29. Ne3 Bd4 30. g3 Bxe3 31. Qxe3 Qd7 32. Kg2 Qf5 33. Qc3+ Kg8 34. Qc4 Qe5 35. c3 Qf5 36. b4 cxb4 37. cxb4 Qb1 38. Qc8+ Kg7 39. Qc3+ Kg8 40. Qc4 Kg7 41. Qf4 h5 42. h4 Qd3 43. Qxd6 Qe4+ 44. Kh2 g5 45. hxg5 h4 46. Qf6+ Kg8 47. d6 hxg3+ 48. Kxg3 Qh1 49. Qd4 Qg1+ 50. Kf3 Qh1+ 51. Ke2 Qh5+ 52. Ke1 Qxg5 53. d7 Qd8 54. b5 f6 55. Qd5+ Kf8 56. Qd6+ Kg8 57. b6 Kf7 58. Kf1 Qa8 59. d8Q Qh1+ 60. Ke2 Qh5+ 61. f3 1-0

[Event "Cannes Martinez op"]
[Site "Cannes"]
[Date "1995.??.??"]
[Round "8"]
[White "Megy, Daniel"]
[Black "Gregus, Laszlo"]
[Result "1-0"]
[WhiteElo "2135"]
[BlackElo "2105"]
[PlyCount "61"]
[EventDate "1995.07.??"]
[EventType "swiss"]
[EventRounds "9"]
[EventCountry "FRA"]
[SourceTitle "EXT 1998"]
[Source "ChessBase"]
[SourceDate "1997.11.17"]
[SourceVersion "1"]
[SourceVersionDate "1997.11.17"]
[SourceQuality "1"]

1. e4 e5 2. Nf3 Nc6 3. Bc4 Nf6 4. d4 Nxe4 5. dxe5 Bc5 6. Qd5 Qe7 7. Qxe4 d6 8. Nc3 Be6 9. exd6 Bxd6 10. Bxe6 Qxe6 11. 0-0 0-0-0 12. Qxe6+ fxe6 13. Be3 h6 14. Rad1 a6 15. Nd4 Nxd4 16. Bxd4 e5 17. Be3 a5 18. Ne4 Rhf8 19. Rd5 Rf7 20. Rfd1 Rfd7 21. Nxd6+ cxd6 22. Bb6 Rc7 23. Rxd6 Rxd6 24. Rxd6 Rd7 25. Rxd7 Kxd7 26. Kf1 Kc6 27. Be3 Kd5 28. Ke2 Ke4 29. f3+ Kd5 30. Kd3 h5 31. h4 1-0